000 00618nam a2200193 i 4500
001 142366
003 ES-MaACL
005 20230906200514.0
007 t|
008 071004s1975 sw ao |||| | swe d
100 1 _aWintzell, Ake.
_9117126
245 1 0 _aMaailman koirat /
_cvalokuvat, Ake Wintzell ; teksti, Bo Bengtson ; esipuhe, Ivan Swedrup.
260 _aHelsinki :
_bWerner Söderström Osakeyhtiö,
_c1975 (
_eMadrid :
_fMateu-Cromo)
300 _a288 p. :
_bil. ;
_c24 cm.
650 4 _aPerros.
_9150938
700 1 _aBengtson, Bo.
_927577
700 1 _aSwedrup, Ivan.
_9108932
852 _aES-MaACL
_jE-9881
999 _c142366
_d142366